[Event "23. Copenhagen Open  (Politiken Cup)"]
[Site "Copenhagen"]
[Date "2001.07.16"]
[Round "1"]
[White "Akesson, Joel"]
[Black "Lynge, Torben"]
[Result "1-0"]
[WhiteElo "2203"]
[BlackElo "1701"]
[PlyCount "55"]
[EventDate "2001.07.16"]
[EventType "swiss"]
[EventRounds "11"]
[EventCountry "DEN"]
[SourceDate "2004.01.01"]

1. c4 Nf6 2. Nc3 e6 3. Nf3 d5 4. d4 Nc6 5. Bg5 Be7 6. e3 O-O 7. Rc1 dxc4 8.
Bxc4 h6 9. Bh4 b6 10. O-O Bb7 11. Qe2 Re8 12. Rfd1 Nd5 13. Bg3 Nxc3 14. Rxc3
Bd6 15. Bb5 Bxg3 16. hxg3 Qd5 17. Qc4 Qxc4 18. Rxc4 Na5 19. Rxc7 Rec8 20. Rdc1
Bc6 21. Rxc8+ Rxc8 22. b4 a6 23. bxa5 axb5 24. axb6 Kf8 25. Ne5 Bb7 26. Nd7+
Ke8 27. Rxc8+ Bxc8 28. Nc5 1-0

[Event "23. Copenhagen Open  (Politiken Cup)"]
[Site "Copenhagen"]
[Date "2001.07.16"]
[Round "1"]
[White "Andersen, Rune"]
[Black "Rustemov, Alexander"]
[Result "0-1"]
[WhiteElo "2064"]
[BlackElo "2607"]
[PlyCount "82"]
[EventDate "2001.07.16"]
[EventType "swiss"]
[EventRounds "11"]
[EventCountry "DEN"]
[SourceDate "2004.01.01"]

1. d4 g6 2. c4 Bg7 3. Nc3 c5 4. d5 Bxc3+ 5. bxc3 f5 6. h4 Nf6 7. h5 Rg8 8. hxg6
hxg6 9. Bf4 Qa5 10. Qc2 d6 11. f3 Nbd7 12. Nh3 Nb6 13. e3 Bd7 14. Bd3 O-O-O 15.
Kf2 Na4 16. Rac1 Rh8 17. Bg5 Rdg8 18. Rhe1 Rh5 19. Bxf6 exf6 20. Ng1 Rh4 21.
Ne2 Rgh8 22. Nf4 R8h6 23. Qd2 Nb6 24. Rcd1 Qa4 25. Qe2 Qa3 26. Rc1 Kb8 27. Qd2
Qa4 28. Qe2 Bc8 29. Rb1 Qe8 30. Qd2 g5 31. Ne2 Nxc4 32. Bxc4 Rxc4 33. Ng3 Qe5
34. Rb3 Rh2 35. Qd3 Ra4 36. Qd2 b6 37. Qc2 g4 38. c4 gxf3 39. Kxf3 f4 40. Nf1
Qh5+ 41. Kf2 Qh4+ 0-1

[Event "23. Copenhagen Open  (Politiken Cup)"]
[Site "Copenhagen"]
[Date "2001.07.16"]
[Round "1"]
[White "Auchenberg, Einar"]
[Black "Hovmoller, Kristian"]
[Result "0-1"]
[WhiteElo "1614"]
[BlackElo "2194"]
[PlyCount "57"]
[EventDate "2001.07.16"]
[EventType "swiss"]
[EventRounds "11"]
[EventCountry "DEN"]
[SourceDate "2004.01.01"]

1. e4 c5 2. Nc3 d6 3. f4 Nc6 4. Nf3 g6 5. Bb5 Bg7 6. d4 cxd4 7. Nxd4 Bd7 8. Be3
Nf6 9. f5 Nxd4 10. Bxd4 Bxb5 11. Nxb5 Qa5+ 12. Nc3 gxf5 13. b4 Qxb4 14. Rb1 Qc4
15. Rxb7 e5 16. Nb5 O-O 17. Nxd6 Qxd4 18. Qxd4 exd4 19. exf5 Rab8 20. O-O Rxb7
21. Nxb7 Rb8 22. Na5 Rb2 23. Nc6 Nd5 24. g4 Rxc2 25. Nxa7 d3 26. Nb5 d2 27. g5
Rc1 28. f6 Rxf1+ 29. Kxf1 0-1

[Event "23. Copenhagen Open  (Politiken Cup)"]
[Site "Copenhagen"]
[Date "2001.07.16"]
[Round "1"]
[White "Auchenberg, Per"]
[Black "Jacobsen, Bo"]
[Result "0-1"]
[WhiteElo "1842"]
[BlackElo "2274"]
[PlyCount "62"]
[EventDate "2001.07.16"]
[EventType "swiss"]
[EventRounds "11"]
[EventCountry "DEN"]
[SourceDate "2004.01.01"]

1. f4 g6 2. Nf3 Bg7 3. e4 d5 4. e5 c5 5. d4 Nc6 6. dxc5 Bg4 7. c3 f6 8. Be2 e6
9. Nd4 Bf5 10. Nxf5 gxf5 11. Bh5+ Kd7 12. exf6 Nxf6 13. O-O Qe7 14. Be3 Rad8
15. Nd2 Nxh5 16. Qxh5 d4 17. cxd4 Nxd4 18. Rac1 Kc7 19. Nc4 Rd5 20. b4 Kb8 21.
Kh1 Nb5 22. a4 Nc3 23. Ne5 Bxe5 24. fxe5 Rd3 25. Bf4 Rc8 26. Qh6 Qd7 27. h3
Nxa4 28. Qh4 Nc3 29. Qe1 Qd4 30. Bh2 Rg8 31. Bg1 Rxh3+ 0-1

[Event "23. Copenhagen Open  (Politiken Cup)"]
[Site "Copenhagen"]
[Date "2001.07.16"]
[Round "1"]
[White "Bekker Jensen, David"]
[Black "Hansen, Ib Lynaes"]
[Result "1-0"]
[WhiteElo "2284"]
[BlackElo "1866"]
[PlyCount "79"]
[EventDate "2001.07.16"]
[EventType "swiss"]
[EventRounds "11"]
[EventCountry "DEN"]
[SourceDate "2004.01.01"]

1. d4 f5 2. g3 Nf6 3. Bg2 e6 4. c4 c6 5. Nf3 d6 6. O-O Be7 7. Nc3 O-O 8. Qc2
Nbd7 9. e4 fxe4 10. Ng5 Nb6 11. c5 Nbd5 12. Ncxe4 Nxe4 13. Nxe4 e5 14. dxe5
dxe5 15. b3 Be6 16. Bb2 Qc7 17. Rfe1 Rad8 18. a3 Bf7 19. Nd2 Bf6 20. Nc4 Rfe8
21. Be4 g6 22. h4 Re7 23. Re2 Re6 24. h5 Kg7 25. Rae1 Qe7 26. b4 Rh8 27. Bxd5
cxd5 28. Nxe5 Re8 29. h6+ Kg8 30. Ng4 d4 31. Rxe6 Bxe6 32. Qd3 Rd8 33. Nxf6+
Qxf6 34. Re4 Qg5 35. Rxe6 Qxh6 36. Qc4 Kf8 37. Rf6+ Kg7 38. Bxd4 Rxd4 39. Qxd4
Qc1+ 40. Kg2 {Time} 1-0

[Event "23. Copenhagen Open  (Politiken Cup)"]
[Site "Copenhagen"]
[Date "2001.07.16"]
[Round "1"]
[White "Bekker Jensen, Simon"]
[Black "Westlund, Mikael"]
[Result "1-0"]
[WhiteElo "2356"]
[BlackElo "1996"]
[PlyCount "51"]
[EventDate "2001.07.16"]
[EventType "swiss"]
[EventRounds "11"]
[EventCountry "DEN"]
[SourceDate "2004.01.01"]

1. d4 d5 2. c4 c6 3. Nf3 Nf6 4. Nc3 Bf5 5. cxd5 cxd5 6. Qb3 Qb6 7. e3 e6 8.
Qxb6 axb6 9. Bb5+ Nfd7 10. Bd2 Nc6 11. Rc1 Bd6 12. Na4 Rc8 13. O-O O-O 14. a3
f6 15. Bb4 Bxb4 16. axb4 Rfd8 17. Rc3 Ra8 18. b3 Ndb8 19. Rfc1 g5 20. Bf1 Nd7
21. Bb5 Ndb8 22. h3 h5 23. Nxb6 Ra3 24. Ba4 Nd7 25. Nxd7 Rxd7 26. b5 1-0

[Event "23. Copenhagen Open  (Politiken Cup)"]
[Site "Copenhagen"]
[Date "2001.07.16"]
[Round "1"]
[White "Bleis, Christian"]
[Black "Jorgensen, Orla Eilegaard"]
[Result "1-0"]
[WhiteElo "2126"]
[BlackElo "1403"]
[PlyCount "89"]
[EventDate "2001.07.16"]
[EventType "swiss"]
[EventRounds "11"]
[EventCountry "DEN"]
[SourceDate "2004.01.01"]

1. d4 Nf6 2. Bg5 g6 3. Nc3 d5 4. Qd2 Bg7 5. Bh6 O-O 6. h4 Bxh6 7. Qxh6 Ng4 8.
Qd2 h5 9. Nh3 e5 10. dxe5 d4 11. O-O-O Kg7 12. Qxd4 Qxd4 13. Rxd4 Nc6 14. Rd2
Ngxe5 15. g3 Be6 16. Bg2 Nc4 17. Rdd1 Bxh3 18. Bxh3 Nd8 19. b3 Nd6 20. Nd5 Ne8
21. Rd2 c6 22. Nf4 Nf6 23. f3 b6 24. e4 Re8 25. Rhd1 Nb7 26. Bd7 Nxd7 27. Rxd7
Nc5 28. Rc7 Rec8 29. Rxc8 Rxc8 30. b4 Na4 31. Rd7 Ra8 32. Ne6+ Kg8 33. Ng5 f6
34. Ne6 Re8 35. Nf4 g5 36. Nxh5 Rf8 37. Rxa7 Nc3 38. Kd2 Nb5 39. Rd7 Kh8 40. c4
Na3 41. Kd3 b5 42. cxb5 cxb5 43. Kd4 Rc8 44. Nxf6 Rc4+ 45. Ke5 1-0

[Event "23. Copenhagen Open  (Politiken Cup)"]
[Site "Copenhagen"]
[Date "2001.07.16"]
[Round "1"]
[White "Christensen, Christian"]
[Black "Palo, Davor"]
[Result "0-1"]
[WhiteElo "1972"]
[BlackElo "2325"]
[PlyCount "66"]
[EventDate "2001.07.16"]
[EventType "swiss"]
[EventRounds "11"]
[EventCountry "DEN"]
[SourceDate "2004.01.01"]

1. e4 c5 2. Nc3 Nc6 3. Nge2 d6 4. g3 g6 5. Bg2 Bg7 6. d3 e6 7. Be3 Nd4 8. Nc1
Ne7 9. Qd2 Rb8 10. Nd1 b5 11. c3 Ndc6 12. Bh6 O-O 13. h4 Bxh6 14. Qxh6 f6 15.
f4 Kh8 16. f5 exf5 17. Ne3 Ne5 18. Kd2 fxe4 19. Bxe4 Ng8 20. Qf4 f5 21. Bg2 Nf6
22. Ne2 Nh5 23. Qf2 c4 24. d4 Nd3 25. Qg1 Nxb2 26. Nf4 Nxf4 27. gxf4 b4 28. Bd5
bxc3+ 29. Ke2 Nd3 30. Qg3 Rb2+ 31. Kf3 Re8 32. Nxc4 Qe7 33. Nxb2 Qe2# 0-1

[Event "23. Copenhagen Open  (Politiken Cup)"]
[Site "Copenhagen"]
[Date "2001.07.16"]
[Round "1"]
[White "Christensen, Verner"]
[Black "Royset, Paal"]
[Result "0-1"]
[WhiteElo "1797"]
[BlackElo "2257"]
[PlyCount "60"]
[EventDate "2001.07.16"]
[EventType "swiss"]
[EventRounds "11"]
[EventCountry "DEN"]
[SourceDate "2004.01.01"]

1. e4 c5 2. d4 cxd4 3. c3 dxc3 4. Nxc3 Nc6 5. Nf3 d6 6. Bc4 e6 7. O-O Nge7 8.
Qe2 Ng6 9. Rd1 Qc7 10. Be3 Be7 11. Rac1 O-O 12. Nb5 Qb8 13. Ng5 a6 14. Nc3 b5
15. Bb3 Na5 16. Bc2 Nc4 17. Bb1 Nge5 18. Bf4 Ng6 19. Be3 Bf6 20. b3 Nxe3 21.
Qxe3 Ra7 22. Nh3 Rc7 23. f4 Bb7 24. Ne2 Rfc8 25. Qd2 Qa7+ 26. Kh1 Rxc1 27. Rxc1
Rxc1+ 28. Qxc1 Qc5 29. Qxc5 dxc5 30. e5 Nh4 0-1

[Event "23. Copenhagen Open  (Politiken Cup)"]
[Site "Copenhagen"]
[Date "2001.07.16"]
[Round "1"]
[White "Dalsberg, Sandra de Blecourt"]
[Black "Nielsen, Marianne Izaura"]
[Result "1-0"]
[WhiteElo "2055"]
[BlackElo "1371"]
[PlyCount "31"]
[EventDate "2001.07.16"]
[EventType "swiss"]
[EventRounds "11"]
[EventCountry "DEN"]
[SourceDate "2004.01.01"]

1. d4 d5 2. c4 Nf6 3. cxd5 Qxd5 4. Nc3 Qd8 5. e4 e5 6. Nf3 exd4 7. Nxd4 Bc5 8.
Be3 Ng4 9. Ne6 Qxd1+ 10. Rxd1 Bxe6 11. Bxc5 Nd7 12. Ba3 f6 13. Nb5 Kd8 14. b3
Kc8 15. Be2 Re8 16. Rc1 1-0

[Event "23. Copenhagen Open  (Politiken Cup)"]
[Site "Copenhagen"]
[Date "2001.07.16"]
[Round "1"]
[White "Edvardsson, Hannu Kalervo"]
[Black "Laursen, Niels Norskov"]
[Result "0-1"]
[WhiteElo "1300"]
[BlackElo "2107"]
[PlyCount "114"]
[EventDate "2001.07.16"]
[EventType "swiss"]
[EventRounds "11"]
[EventCountry "DEN"]
[SourceDate "2004.01.01"]

1. e4 c5 2. c4 Nc6 3. Nf3 Nf6 4. d3 g6 5. Be2 Bg7 6. Nc3 O-O 7. O-O d6 8. Bd2
Bg4 9. Ne1 Bxe2 10. Nxe2 a6 11. Rb1 b5 12. b3 Qc7 13. h3 Rfb8 14. Nc3 Nd4 15.
Nc2 Nxc2 16. Qxc2 e6 17. Qc1 Qc6 18. Bh6 Bh8 19. Bd2 d5 20. exd5 exd5 21. Nxd5
Nxd5 22. cxd5 Qxd5 23. Bc3 Rd8 24. Bxh8 Kxh8 25. Qc3+ Qd4 26. Rbc1 Rac8 27.
Rfe1 Kg7 28. Re5 Qxd3 29. Qxd3 Rxd3 30. Rexc5 Rxc5 31. Rxc5 Rd1+ 32. Kh2 Rd2
33. a4 bxa4 34. bxa4 Rxf2 35. a5 Ra2 36. Kg3 f5 37. Kf3 Kh6 38. g4 Ra3+ 39. Kg2
Kg5 40. gxf5 gxf5 41. h4+ Kg4 42. h5 Ra2+ 43. Kf1 f4 44. h6 Kg3 45. Rg5+ Kf3
46. Kg1 Ra1+ 47. Kh2 Kf2 48. Rg2+ Ke3 49. Rg7 Rxa5 50. Rxh7 f3 51. Re7+ Kf2 52.
Kh3 Rh5+ 53. Kg4 Rxh6 54. Rb7 Rg6+ 55. Kf4 Rf6+ 56. Kg4 Kg2 57. Rb2+ f2 0-1

[Event "23. Copenhagen Open  (Politiken Cup)"]
[Site "Copenhagen"]
[Date "2001.07.16"]
[Round "1"]
[White "Elka, Parviz"]
[Black "Lilja, Richard"]
[Result "1/2-1/2"]
[WhiteElo "1329"]
[BlackElo "2112"]
[PlyCount "134"]
[EventDate "2001.07.16"]
[EventType "swiss"]
[EventRounds "11"]
[EventCountry "DEN"]
[SourceDate "2004.01.01"]

1. d4 Nf6 2. c4 g6 3. Nc3 Bg7 4. e4 d6 5. f3 O-O 6. Be3 c5 7. Qd2 cxd4 8. Bxd4
Nc6 9. Be3 Be6 10. g4 Ne5 11. Nd5 Rc8 12. Rc1 Bxd5 13. exd5 b5 14. b3 bxc4 15.
bxc4 Qc7 16. Qb4 Nfd7 17. h4 Nc5 18. Bxc5 Qxc5 19. Qxc5 Rxc5 20. Rh2 Rfc8 21.
Rhc2 Nd7 22. Be2 Nb6 23. Bd3 Bd4 24. Kf1 Be3 25. Re1 Bxg1 26. Kxg1 Nxd5 27.
cxd5 Rxc2 28. Bxc2 Rxc2 29. Rxe7 Rxa2 30. Rc7 Ra5 31. Kf2 h6 32. Ke3 Rxd5 33.
Rxa7 Kg7 34. f4 Kf6 35. Ke4 Rd1 36. g5+ hxg5 37. hxg5+ Ke6 38. Ke3 Re1+ 39. Kf2
Re4 40. Kf3 Rc4 41. Ke3 Rc6 42. Rb7 Rc8 43. Kd4 Ra8 44. Rc7 Rd8 45. Rb7 Rd7 46.
Rb5 Ra7 47. Kd3 Ra3+ 48. Kd4 Ra1 49. Ke3 Ra4 50. Kf3 Rc4 51. Ke3 Rc5 52. Rb7 f6
53. gxf6 Kxf6 54. Kd4 Rc1 55. Rb5 Ke6 56. Rg5 Rd1+ 57. Ke3 Kf6 58. Ke2 Ra1 59.
Rd5 Ra4 60. Ke3 Ra3+ 61. Ke4 Ra6 62. Rg5 Ra4+ 63. Ke3 Ra8 64. Rd5 Ke6 65. Rg5
Rg8 66. Kd4 Rg7 67. f5+ Kf6 1/2-1/2

[Event "23. Copenhagen Open  (Politiken Cup)"]
[Site "Copenhagen"]
[Date "2001.07.16"]
[Round "1"]
[White "Grahn, Lars"]
[Black "Schonberg, Niels Peder"]
[Result "1-0"]
[WhiteElo "2100"]
[BlackElo "1214"]
[PlyCount "65"]
[EventDate "2001.07.16"]
[EventType "swiss"]
[EventRounds "11"]
[EventCountry "DEN"]
[SourceDate "2004.01.01"]

1. d4 d5 2. c4 c6 3. Nc3 Nf6 4. Nf3 h6 5. Bf4 Nbd7 6. e3 e6 7. h3 a6 8. c5 b6
9. b4 b5 10. a4 Bb7 11. Bd3 Be7 12. O-O O-O 13. Bc2 Nh5 14. Bh2 f5 15. Ne5 Nhf6
16. Ng6 Rf7 17. Ne2 Nh7 18. Nxe7+ Qxe7 19. axb5 cxb5 20. Bd6 Qf6 21. Bb3 Nb8
22. Qd2 Nc6 23. f3 Nf8 24. e4 Ne7 25. Nc3 g5 26. Bxe7 Qxe7 27. exd5 exd5 28.
Nxd5 Bxd5 29. Bxd5 Ra7 30. Rfe1 Qf6 31. Rac1 Rad7 32. Bxf7+ Kxf7 33. d5 1-0

[Event "23. Copenhagen Open  (Politiken Cup)"]
[Site "Copenhagen"]
[Date "2001.07.16"]
[Round "1"]
[White "Greisen, Flemming Dahl"]
[Black "Aird, Ian"]
[Result "0-1"]
[WhiteElo "1425"]
[BlackElo "2136"]
[PlyCount "45"]
[EventDate "2001.07.16"]
[EventType "swiss"]
[EventRounds "11"]
[EventCountry "DEN"]
[SourceDate "2004.01.01"]

1. d4 c6 2. Nf3 d5 3. e3 Bf5 4. Be2 Nf6 5. c4 e6 6. a3 Nbd7 7. Nc3 Bd6 8. b4
O-O 9. c5 Bc7 10. Nh4 Ne4 11. Nxe4 Bxe4 12. Nf3 e5 13. Bb2 Re8 14. Rc1 Qf6 15.
g3 a5 16. O-O axb4 17. axb4 Ra2 18. dxe5 Nxe5 19. Bxe5 Bxe5 20. Nxe5 Qxe5 21.
f4 Qb2 22. Rf2 Bf5 23. Ra1 0-1

[Event "23. Copenhagen Open  (Politiken Cup)"]
[Site "Copenhagen"]
[Date "2001.07.16"]
[Round "1"]
[White "Hagen, Andreas Skytte"]
[Black "Manley, Christian"]
[Result "1-0"]
[WhiteElo "2113"]
[BlackElo "1360"]
[PlyCount "49"]
[EventDate "2001.07.16"]
[EventType "swiss"]
[EventRounds "11"]
[EventCountry "DEN"]
[SourceDate "2004.01.01"]

1. c4 e5 2. g3 Bc5 3. Bg2 Nf6 4. Nc3 O-O 5. e3 c6 6. Nge2 d5 7. cxd5 Nxd5 8. d4
Nxc3 9. bxc3 exd4 10. cxd4 Bb6 11. O-O Be6 12. Ba3 Re8 13. Qc2 Na6 14. Nf4 Nc7
15. Rab1 Rb8 16. Nxe6 Rxe6 17. Rfc1 Na6 18. Qc4 Nc7 19. Bc5 Bxc5 20. Qxc5 a6
21. a4 Rd6 22. Qa7 Rd7 23. Rxb7 Ra8 24. Qb6 Qc8 25. Rxc6 1-0

[Event "23. Copenhagen Open  (Politiken Cup)"]
[Site "Copenhagen"]
[Date "2001.07.16"]
[Round "1"]
[White "Hansen, Herluf"]
[Black "Berg, Klaus"]
[Result "1/2-1/2"]
[WhiteElo "2044"]
[BlackElo "2438"]
[PlyCount "115"]
[EventDate "2001.07.16"]
[EventType "swiss"]
[EventRounds "11"]
[EventCountry "DEN"]
[SourceDate "2004.01.01"]

1. d4 Nf6 2. c4 c5 3. Nf3 cxd4 4. Nxd4 e5 5. Nc2 d5 6. cxd5 Qxd5 7. Qxd5 Nxd5
8. e4 Nb4 9. Bb5+ Bd7 10. Bxd7+ Nxd7 11. Nxb4 Bxb4+ 12. Bd2 Bxd2+ 13. Kxd2 Nc5
14. Nc3 O-O-O+ 15. Kc2 Nd3 16. Rad1 Nxf2 17. Rxd8+ Rxd8 18. Rf1 Ng4 19. Rxf7
Ne3+ 20. Kb3 Rd7 21. Rf2 Kd8 22. h3 Ke8 23. Re2 Rd3 24. Kb4 Rd4+ 25. Kb3 Rd3
26. a3 a6 27. Kb4 b6 28. Kb3 Ke7 29. Ka2 Kd6 30. Nb1 Nc4 31. b3 Na5 32. Nd2 Nc6
33. Nc4+ Kc5 34. Rc2 Kd4 35. Nxb6 Rc3 36. Rxc3 Kxc3 37. Nc4 Kd3 38. Nd6 Ke2 39.
Ne8 g6 40. g4 Kf3 41. Nf6 h6 42. b4 Kg3 43. Kb3 Kxh3 44. Kc4 Kh4 45. Kd5 Kg5
46. Kxc6 Kxf6 47. a4 h5 48. gxh5 gxh5 49. b5 axb5 50. axb5 h4 51. b6 h3 52. b7
h2 53. b8=Q h1=Q 54. Qf8+ Ke6 55. Qf5+ Ke7 56. Qxe5+ Kf7 57. Qd5+ Ke7 58. e5
1/2-1/2

[Event "23. Copenhagen Open  (Politiken Cup)"]
[Site "Copenhagen"]
[Date "2001.07.16"]
[Round "1"]
[White "Hau, Helge"]
[Black "Schmied, Andreas"]
[Result "0-1"]
[WhiteElo "1525"]
[BlackElo "2138"]
[PlyCount "72"]
[EventDate "2001.07.16"]
[EventType "swiss"]
[EventRounds "11"]
[EventCountry "DEN"]
[SourceDate "2004.01.01"]

1. f4 c5 2. Nf3 g6 3. e3 Bg7 4. c3 Nf6 5. Ne5 O-O 6. d3 d6 7. Nc4 Nc6 8. Be2
Rb8 9. a4 b6 10. Nba3 a6 11. Bf3 Qc7 12. e4 b5 13. axb5 axb5 14. Nd2 e5 15.
fxe5 Nxe5 16. Be2 d5 17. O-O dxe4 18. Nxe4 Nxe4 19. dxe4 c4 20. Nc2 Rd8 21. Qe1
Bb7 22. Bf3 Nd3 23. Qe3 Rd7 24. Nd4 Qc5 25. Ne2 Qe5 26. Kh1 Bf8 27. Qg5 Qxg5
28. Bxg5 Bc5 29. Bh4 h5 30. Rab1 Re8 31. b4 Bb6 32. Nd4 Bxd4 33. cxd4 Bxe4 34.
Rbd1 Bxf3 35. Rxf3 Rxd4 36. Rdf1 Rxh4 0-1

[Event "23. Copenhagen Open  (Politiken Cup)"]
[Site "Copenhagen"]
[Date "2001.07.16"]
[Round "1"]
[White "Helin, Mikael"]
[Black "Brinck Claussen, Bjorn"]
[Result "1-0"]
[WhiteElo "1984"]
[BlackElo "2355"]
[PlyCount "77"]
[EventDate "2001.07.16"]
[EventType "swiss"]
[EventRounds "11"]
[EventCountry "DEN"]
[SourceDate "2004.01.01"]

1. e4 e6 2. Nf3 d5 3. e5 b6 4. c3 Ne7 5. b4 Qd7 6. a4 Ng6 7. h4 h6 8. h5 Ne7 9.
Na3 Nec6 10. d4 Be7 11. Bd3 Bb7 12. Rh3 a5 13. b5 Na7 14. Rg3 Bf8 15. Nd2 Qe7
16. f4 Nd7 17. Kf2 O-O-O 18. Nf3 Kb8 19. Qe2 Qe8 20. Nc2 Nc8 21. Bd2 Ne7 22.
Nb4 axb4 23. a5 bxa5 24. cxb4 a4 25. Rxa4 Nb6 26. Ra5 g6 27. Be1 Nf5 28. Rh3
Rg8 29. Bc3 Ng7 30. Nd2 Nxh5 31. g3 Ng7 32. Nb3 g5 33. Qa2 gxf4 34. Ra7 fxg3+
35. Kg1 Bc8 36. Nc5 Nf5 37. Bxf5 exf5 38. Rh1 Qe7 39. Kg2 1-0

[Event "23. Copenhagen Open  (Politiken Cup)"]
[Site "Copenhagen"]
[Date "2001.07.16"]
[Round "1"]
[White "Helledie, Anders"]
[Black "Simonsen, Per"]
[Result "1-0"]
[WhiteElo "2221"]
[BlackElo "1723"]
[PlyCount "111"]
[EventDate "2001.07.16"]
[EventType "swiss"]
[EventRounds "11"]
[EventCountry "DEN"]
[SourceDate "2004.01.01"]

1. e4 e5 2. Bc4 Nc6 3. d3 Bc5 4. Be3 Bb6 5. Nc3 Nf6 6. Nge2 d6 7. O-O Bg4 8.
Bxb6 axb6 9. f3 Bh5 10. d4 Qe7 11. a3 O-O 12. Qd2 Rad8 13. Rae1 h6 14. d5 Nb8
15. Nd1 c6 16. Ne3 Bg6 17. Ng3 b5 18. Ba2 c5 19. Qf2 Qd7 20. Ngf5 Kh7 21. Qh4
Ng8 22. g4 f6 23. Qg3 Ne7 24. Rf2 Bf7 25. Ng2 g6 26. Nfe3 g5 27. Nf5 Bg6 28.
Kh1 Na6 29. h4 Bxf5 30. gxf5 Rh8 31. c3 Qe8 32. Ne3 Qf7 33. Rh2 Kg7 34. Ng2
Rdg8 35. f4 Kf8 36. fxe5 fxe5 37. Ne3 c4 38. h5 Ke8 39. a4 Nc5 40. Ng4 Nxa4 41.
Qe3 Nc5 42. Nxe5 Qg7 43. Ng4 Qf7 44. Qd4 Nd3 45. Ra1 Rf8 46. Bb1 Nc5 47. Bc2
Kd7 48. f6 Ra8 49. Re1 Ra2 50. fxe7 Qf3+ 51. Rg2 Rha8 52. Qg7 Ra1 53. Nf6+ Qxf6
54. Qxf6 Rxe1+ 55. Kh2 Raa1 56. Qf7 1-0

[Event "23. Copenhagen Open  (Politiken Cup)"]
[Site "Copenhagen"]
[Date "2001.07.16"]
[Round "1"]
[White "Hoeg, Claus"]
[Black "Kongsted, Halfdan Christian"]
[Result "0-1"]
[WhiteElo "1785"]
[BlackElo "2232"]
[PlyCount "82"]
[EventDate "2001.07.16"]
[EventType "swiss"]
[EventRounds "11"]
[EventCountry "DEN"]
[SourceDate "2004.01.01"]

1. d4 d5 2. c4 Nc6 3. e3 e5 4. dxe5 d4 5. a3 a5 6. Be2 Bc5 7. Nf3 Bf5 8. exd4
Nxd4 9. Nxd4 Bxd4 10. Qb3 c6 11. O-O Qc7 12. Re1 Ne7 13. Bd3 Be6 14. Nd2 Bxe5
15. Nf3 Bd6 16. Qc3 h6 17. b3 O-O-O 18. Bf1 g5 19. c5 Bf4 20. Bxf4 gxf4 21. b4
Nd5 22. Qb2 Rde8 23. b5 cxb5 24. Bxb5 Rd8 25. c6 b6 26. Nd4 Qd6 27. Rac1 Rhg8
28. Ba6+ Kb8 29. c7+ Nxc7 30. Nc6+ Ka8 31. Qxb6 {#} Rxg2+ 32. Kf1 Rg1+ 33. Kxg1
Rg8+ 34. Kf1 Bh3+ 35. Ke2 f3+ 36. Kxf3 Bg4+ 37. Ke4 Re8+ 38. Ne5 Rxe5+ 39. Kf4
Rf5+ 40. Kxg4 Qf4+ 41. Kh3 Qf3+ 0-1

[Event "23. Copenhagen Open  (Politiken Cup)"]
[Site "Copenhagen"]
[Date "2001.07.16"]
[Round "1"]
[White "Jensen, Henrik Sandberg"]
[Black "Rossen, Claus"]
[Result "0-1"]
[WhiteElo "1706"]
[BlackElo "2210"]
[PlyCount "124"]
[EventDate "2001.07.16"]
[EventType "swiss"]
[EventRounds "11"]
[EventCountry "DEN"]
[SourceDate "2004.01.01"]

1. e4 d6 2. d4 Nf6 3. Nc3 g6 4. f3 c6 5. Be3 b5 6. Qd2 Qa5 7. Nd1 Qxd2+ 8. Bxd2
Nbd7 9. a4 bxa4 10. Rxa4 Bg7 11. Ne2 O-O 12. Ng3 c5 13. Bc3 Ne8 14. dxc5 Nxc5
15. Bxg7 Nxg7 16. Ra3 Bb7 17. Bc4 Rfc8 18. Ne3 e6 19. O-O f5 20. exf5 d5 21.
Ba2 gxf5 22. Ne2 a5 23. Rd1 a4 24. c4 dxc4 25. Nxc4 Rd8 26. Rc1 Nd3 27. Rd1 Nc5
28. Rc1 Ba6 29. Nf4 Nb3 30. Bxb3 axb3 31. Nb6 Rab8 32. Rxa6 Rd6 33. Ra8 Rdxb6
34. Rc8+ Rxc8 35. Rxc8+ Kf7 36. Rc7+ Kf6 37. Kf2 Ne8 38. Rxh7 Rc6 39. Rh8 Rc2+
40. Ke3 Ng7 41. Nd3 Rxg2 42. f4 Ke7 43. Kd4 Rc2 44. h4 Ne8 45. Rh7+ Kd6 46. h5
Nf6 47. Rb7 Nxh5 48. Rb6+ Kc7 49. Rxb3 Re2 50. Rb4 Nf6 51. Rc4+ Kd6 52. Nc5
Rxb2 53. Nd3 Re2 54. Rc1 Re4+ 55. Kc3 Nd5+ 56. Kc2 Nxf4 57. Nb2 Re2+ 58. Kc3 e5
59. Nc4+ Ke6 60. Rd1 Nd5+ 61. Kd3 Re4 62. Ra1 Rd4+ 0-1

[Event "23. Copenhagen Open  (Politiken Cup)"]
[Site "Copenhagen"]
[Date "2001.07.16"]
[Round "1"]
[White "Johansson, Thomas"]
[Black "Tandrup, Michael"]
[Result "1-0"]
[WhiteElo "2250"]
[BlackElo "1795"]
[PlyCount "65"]
[EventDate "2001.07.16"]
[EventType "swiss"]
[EventRounds "11"]
[EventCountry "DEN"]
[SourceDate "2004.01.01"]

1. e4 c5 2. f4 e6 3. Nf3 d5 4. exd5 exd5 5. Bb5+ Bd7 6. Qe2+ Qe7 7. Nc3 Qxe2+
8. Bxe2 Nf6 9. Nb5 Bxb5 10. Bxb5+ Nbd7 11. O-O O-O-O 12. Ng5 a6 13. Nxf7 axb5
14. Nxh8 c4 15. Nf7 Re8 16. Ng5 Bc5+ 17. Kh1 Ng4 18. h3 h6 19. Nf3 Nf2+ 20. Kh2
Nf6 21. b4 Bb6 22. Bb2 N2e4 23. a4 Nh5 24. axb5 Kd7 25. Be5 g5 26. fxg5 hxg5
27. d3 cxd3 28. cxd3 Nd2 29. Nxd2 Rxe5 30. Rf7+ Ke6 31. Rxb7 Bd4 32. Ra6+ Kf5
33. Rf7+ 1-0

[Event "23. Copenhagen Open  (Politiken Cup)"]
[Site "Copenhagen"]
[Date "2001.07.16"]
[Round "1"]
[White "Jorgensen, Brian"]
[Black "Hesselberg, Leif"]
[Result "0-1"]
[WhiteElo "2265"]
[BlackElo "1800"]
[PlyCount "58"]
[EventDate "2001.07.16"]
[EventType "swiss"]
[EventRounds "11"]
[EventCountry "DEN"]
[SourceDate "2004.01.01"]

1. c4 Nf6 2. Nc3 e5 3. g3 Bb4 4. Bg2 O-O 5. Nf3 Nc6 6. O-O e4 7. Ng5 Bxc3 8.
bxc3 Re8 9. Qc2 Qe7 10. f3 Qc5+ 11. Kh1 Qxg5 12. fxe4 d6 13. d3 Qh5 14. Rf4 Bh3
15. Bf3 Bg4 16. Rf5 Qh3 17. Bg2 Bxf5 18. Bxh3 Bxh3 19. Bg5 Ng4 20. Kg1 h6 21.
Bf4 g5 22. Bc1 Re6 23. Qb3 b6 24. Bb2 Rf6 25. Rc1 Rf2 26. c5 bxc5 27. Ba1 Rxe2
28. Qb7 Rg2+ 29. Kh1 Nf2# 0-1

[Event "23. Copenhagen Open  (Politiken Cup)"]
[Site "Copenhagen"]
[Date "2001.07.16"]
[Round "1"]
[White "Kleinschroth, Roland"]
[Black "Kjar, Peter Sigsgaard"]
[Result "1-0"]
[WhiteElo "2160"]
[BlackElo "1573"]
[PlyCount "37"]
[EventDate "2001.07.16"]
[EventType "swiss"]
[EventRounds "11"]
[EventCountry "DEN"]
[SourceDate "2004.01.01"]

1. e4 e5 2. f4 exf4 3. Nf3 Nf6 4. e5 Nh5 5. d4 d6 6. Qe2 Be7 7. exd6 Qxd6 8.
Qb5+ Nc6 9. Qxh5 Nxd4 10. Nxd4 Qxd4 11. Nc3 Bc5 12. Qe2+ Be6 13. Bd2 O-O-O 14.
O-O-O Bxa2 15. Nxa2 Rhe8 16. Qg4+ Kb8 17. Bd3 Qa4 18. Kb1 Re6 19. Qxf4 1-0